|
|
|
|
| LEADER |
01264nam a2200349 a 4500 |
| 001 |
EBC3020825 |
| 003 |
MiAaPQ |
| 005 |
20200520144314.0 |
| 006 |
m o d | |
| 007 |
cr cn||||||||| |
| 008 |
081023s2009 nyuad sb 001 0 eng d |
| 010 |
|
|
|z 2008045970
|
| 020 |
|
|
|z 9781606923948 (hardcover)
|
| 020 |
|
|
|z 1606923943 (hardcover)
|
| 020 |
|
|
|a 9781617287725 (electronic bk.)
|
| 035 |
|
|
|a (MiAaPQ)EBC3020825
|
| 035 |
|
|
|a (Au-PeEL)EBL3020825
|
| 035 |
|
|
|a (CaPaEBR)ebr10680963
|
| 035 |
|
|
|a (OCoLC)837527997
|
| 040 |
|
|
|a MiAaPQ
|c MiAaPQ
|d MiAaPQ
|
| 050 |
|
4 |
|a HF5415.32
|b .C6586 2009
|
| 082 |
0 |
4 |
|a 658.8/342
|2 22
|
| 245 |
0 |
0 |
|a Consumer behavior
|h [electronic resource] /
|c Felix Saito, editor.
|
| 260 |
|
|
|a New York :
|b Nova Science Publishers,
|c c2009.
|
| 300 |
|
|
|a xiv, 277 p. :
|b ill. (some col.)
|
| 504 |
|
|
|a Includes bibliographical references and index.
|
| 533 |
|
|
|a Electronic reproduction. Ann Arbor, MI : ProQuest, 2015. Available via World Wide Web. Access may be limited to ProQuest affiliated libraries.
|
| 650 |
|
0 |
|a Consumer behavior.
|
| 655 |
|
4 |
|a Electronic books.
|
| 700 |
1 |
|
|a Saito, Felix.
|
| 710 |
2 |
|
|a ProQuest (Firm)
|
| 856 |
4 |
0 |
|u https://ebookcentral.proquest.com/lib/matrademy/detail.action?docID=3020825
|z Click to View
|